| 000 | 00511nam a2200193 a 4500 | ||
|---|---|---|---|
| 005 | 20210219153039.0 | ||
| 008 | 991125n 000 0 eng u | ||
| 035 | _aUPN01000074533 | ||
| 100 | _aOJEMANN, Ralph Henry, 1901- | ||
| 222 | _aTHE EDUCATIONAL FORUM | ||
| 245 | _aEducation for change | ||
| 260 | _aIndiana, EUA | ||
| 300 | _a447-456 | ||
| 362 | _a1970 Vol. 34, no. 4, may. | ||
| 653 | 0 | _aCONOCIMIENTO CIENTIFICO | |
| 653 | 0 | _aDESARROLLO EDUCATIVO | |
| 904 |
_aAC _b012344 |
||
| 905 | _aArticulo | ||
| 999 |
_c66992 _d66992 |
||